Overcoming fake talk : (Record no. 89897)

MARC details
000 -LEADER
fixed length control field 01320nam a22002537a 4500
005 - DATE AND TIME OF LATEST TRANSACTION
control field 20141112160734.0
010 ## - LCCN (DPL NO)
LC control number ENG-111163
020 ## - INTERNATIONAL STANDARD BOOK NUMBER
International Standard Book Number 9789339217990
Terms of availability 545.00
020 ## - INTERNATIONAL STANDARD BOOK NUMBER
International Standard Book Number 9339217993
Terms of availability 545.00
035 ## - SYSTEM CONTROL NUMBER
System control number EN-94695
037 ## - SOURCE OF ACQUISITION
Source of stock number/acquisition DBAD/PUB
082 ## - DEWEY DECIMAL CLASSIFICATION NUMBER
Classification number 302
100 ## - MAIN ENTRY--PERSONAL NAME
Personal name Stoker, John R.
245 ## - TITLE STATEMENT
Title Overcoming fake talk :
Statement of responsibility, etc by John R. Stoker
Remainder of title how to hold real conversations that create respect,build relationships and get reults /
260 ## - PUBLICATION, DISTRIBUTION, ETC. (IMPRINT)
Place of publication, distribution, etc New Delhi
Name of publisher, distributor, etc McGraw Hill Education
Date of publication, distribution, etc 2014
270 ## - ADDRESS
Address P-24, Green Park Extension
City New Delhi
Postal code 110016
300 ## - PHYSICAL DESCRIPTION
Extent xx, 276p. :
Dimensions 23cm(pbk)
Other physical details ill.
500 ## - GENERAL NOTE
General note Includes bibliographical references (pages 263-265) and index.
505 ## - FORMATTED CONTENTS NOTE
Formatted contents note Introduction: how do you begin? -- What keeps you up at night? -- Why can’t you see what’s happening? -- What are real conversations? -- Do you ruin everything by being you? -- How do you get out of your stinking thinking? -- How do you talk about what really matters? -- How do you open your mouth and remove all doubt? -- How is the answer in the question? -- Why ego off? -- Progression: how do you move forward? -- Endnotes.
650 ## - SUBJECT ADDED ENTRY--TOPICAL TERM
Topical term or geographic name as entry element Interpersonal communication.
650 ## - SUBJECT ADDED ENTRY--TOPICAL TERM
Topical term or geographic name as entry element Conversation analysis.
650 ## - SUBJECT ADDED ENTRY--TOPICAL TERM
Topical term or geographic name as entry element Communication
General subdivision Psychological aspects.
942 ## - ADDED ENTRY ELEMENTS (KOHA)
Source of classification or shelving scheme Dewey Decimal Classification
Item type English Books
Call number suffix STO
Classification part 302
Holdings
Withdrawn status Lost status Not for loan Collection code Home library Current library Date acquired Source of acquisition Cost, normal purchase price Full call number Barcode Copy number Cost, replacement price Koha item type
    Not For Loan Non-fiction D.B.Act.Division D.B.Act.Division 11/11/2014 DBAD/PUB 545.00 302 STO EN-94695 1 545.00 English Books

© Delhi Public Library
Hit Counter
free hit counter